History of Tom Jones: A foundling (Record no. 36164)

MARC details
000 -LEADER
fixed length control field 00312nam a2200121Ia 4500
082 ## - DEWEY DECIMAL CLASSIFICATION NUMBER
Classification number 929A/Z(JON)
Item number FIE
100 ## - MAIN ENTRY--AUTHOR NAME
Personal name Henry
245 #0 - TITLE STATEMENT
Title History of Tom Jones: A foundling
260 ## - PUBLICATION, DISTRIBUTION, ETC. (IMPRINT)
Place of publication Chicago
Name of publisher Encyclopedia Britanica
Year of publication 1952
505 ## - FORMATTED CONTENTS NOTE
Formatted contents note set price
942 ## - ADDED ENTRY ELEMENTS (KOHA)
Koha item type Books
Holdings
Withdrawn status Lost status Damaged status Not for loan Home library Current library Date acquired Cost, normal purchase price Full call number Accession Number Koha item type
        RRII Library RRII Library 16/12/2021 5000.00 929A/Z(JON) FIE 16577 Books